[Event "26. Copenhagen Open  (Politiken Cup)"]
[Site "Taastrup"]
[Date "2004.07.30"]
[Round "8"]
[White "Naes, Flovin Tor"]
[Black "Hansen, Sune Berg"]
[Result "0-1"]
[WhiteElo "2269"]
[BlackElo "2552"]
[PlyCount "52"]
[EventDate "2004.07.24"]
[EventType "swiss"]
[EventRounds "10"]
[EventCountry "DEN"]
[SourceDate "2004.01.01"]

1. d4 Nf6 2. c4 e6 3. Nc3 Bb4 4. e3 O-O 5. Bd3 c5 6. Nf3 d5 7. O-O dxc4 8. Bxc4
cxd4 9. exd4 Nbd7 10. Bg5 Bxc3 11. bxc3 Qc7 12. Qd3 b6 13. Nd2 h6 14. Bh4 Bb7
15. f4 Rac8 16. Rac1 Rfe8 17. f5 e5 18. Qg3 Qc6 19. Be2 b5 20. dxe5 Rxe5 21.
Bxf6 Nxf6 22. Bf3 Qc5+ 23. Kh1 Bxf3 24. Qxf3 Re3 25. Qb7 Rc7 26. Qb8+ Re8 0-1

[Event "26. Copenhagen Open  (Politiken Cup)"]
[Site "Taastrup"]
[Date "2004.07.30"]
[Round "8"]
[White "Nielsen, Borge Hjerrild"]
[Black "Wilsbeck, Jan Borge"]
[Result "1-0"]
[WhiteElo "2097"]
[BlackElo "1973"]
[PlyCount "87"]
[EventDate "2004.07.24"]
[EventType "swiss"]
[EventRounds "10"]
[EventCountry "DEN"]
[SourceDate "2004.01.01"]

1. d4 Nf6 2. c4 c5 3. d5 b5 4. cxb5 a6 5. bxa6 g6 6. Nc3 Bxa6 7. e4 Bxf1 8.
Kxf1 d6 9. g3 Bg7 10. Kg2 O-O 11. Nf3 Nbd7 12. Re1 Qc7 13. Qe2 Ne8 14. Bf4 f6
15. Nd2 Qb7 16. Nc4 Ne5 17. Bxe5 fxe5 18. b3 Bh6 19. Rab1 Nf6 20. a4 Rfb8 21.
Nb5 Bf8 22. Rbd1 Qd7 23. h3 h5 24. f4 exf4 25. gxf4 Nh7 26. e5 Rxb5 27. e6 Qb7
28. axb5 Qxb5 29. Qc2 Kg7 30. Nxd6 exd6 31. e7 Re8 32. exf8=Q+ Rxf8 33. Re7+
Kh6 34. Re6 Nf6 35. Qc4 Qd7 36. Rde1 h4 37. f5 g5 38. Qc3 Qd8 39. b4 cxb4 40.
Qxb4 Qc7 41. R1e2 g4 42. Qf4+ Kh5 43. hxg4+ Nxg4 44. Rg6 1-0

[Event "26. Copenhagen Open  (Politiken Cup)"]
[Site "Taastrup"]
[Date "2004.07.30"]
[Round "8"]
[White "Nielsen, Jens Holm"]
[Black "Thomsen, Peter"]
[Result "1-0"]
[WhiteElo "2068"]
[BlackElo "1631"]
[PlyCount "85"]
[EventDate "2004.07.24"]
[EventType "swiss"]
[EventRounds "10"]
[EventCountry "DEN"]
[SourceDate "2004.01.01"]

1. e4 c6 2. Nc3 e5 3. d4 exd4 4. Qxd4 d6 5. Bf4 Be6 6. O-O-O f5 7. exf5 Bxf5 8.
Bxd6 Qxd6 9. Qxd6 Bxd6 10. Rxd6 Nf6 11. Bc4 Ke7 12. Rd2 Nbd7 13. Nf3 Rhe8 14.
Nd4 g6 15. Re1+ Kf8 16. Rde2 Rxe2 17. Rxe2 Re8 18. Rxe8+ Kxe8 19. Nxf5 gxf5 20.
Be6 f4 21. Bxd7+ Kxd7 22. f3 Kd6 23. Kd2 Nd7 24. Ne2 Ke5 25. g3 fxg3 26. hxg3
Nf6 27. Nf4 Ne8 28. Ke3 Nd6 29. Nd3+ Kf5 30. g4+ Kg5 31. b3 Nb5 32. Nc5 Nd6 33.
Ne4+ Nxe4 34. Kxe4 b6 35. c4 Kf6 36. f4 h6 37. f5 a6 38. c5 bxc5 39. a4 a5 40.
Kf4 c4 41. bxc4 c5 42. Ke4 Kg5 43. Ke5 1-0

[Event "26. Copenhagen Open  (Politiken Cup)"]
[Site "Taastrup"]
[Date "2004.07.30"]
[Round "8"]
[White "Nielsen, Rasmus Lundberg"]
[Black "Al Saad, Mofid"]
[Result "1-0"]
[WhiteElo "1760"]
[BlackElo "1493"]
[PlyCount "139"]
[EventDate "2004.07.24"]
[EventType "swiss"]
[EventRounds "10"]
[EventCountry "DEN"]
[SourceDate "2004.01.01"]

1. e4 Nf6 2. Nc3 d5 3. exd5 Nxd5 4. Bc4 e6 5. Nf3 Nc6 6. O-O Be7 7. d4 O-O 8.
Ne4 Nf6 9. Re1 Nxe4 10. Rxe4 Bf6 11. Bf4 Ne7 12. Qd3 a6 13. Bg5 Nd5 14. Bxd5
exd5 15. Re5 c6 16. Rae1 Bg4 17. Bxf6 Qxf6 18. Ng5 Qh6 19. Nf3 Qf4 20. Nd2 g6
21. Qe3 Qxe3 22. R1xe3 Rad8 23. f3 Bf5 24. c3 a5 25. g4 Be6 26. Nb3 b6 27. Nc1
Rfe8 28. Nd3 Kf8 29. Kf2 Bc8 30. Kg3 Ba6 31. Rxe8+ Rxe8 32. Rxe8+ Kxe8 33. Ne5
Bb7 34. g5 Ke7 35. Kf4 c5 36. Ng4 Kd6 37. Nf6 Bc8 38. Nxh7 Bf5 39. h4 Bc2 40.
Nf6 Ba4 41. Ng4 Ke6 42. Nf6 Kd6 43. h5 gxh5 44. Nxh5 Bc2 45. Ng7 Bb1 46. a3 Bc2
47. Ke3 Ke7 48. f4 f6 49. Nh5 fxg5 50. fxg5 Be4 51. Nf6 Bg2 52. Kf4 Ke6 53. Ne8
Be4 54. Ng7+ Kd6 55. Nf5+ Ke6 56. Ng3 Bg6 57. Kg4 Kd6 58. Nh5 Kc6 59. Nf4 Be4
60. g6 Kb5 61. g7 Bh7 62. Nxd5 cxd4 63. cxd4 Bg8 64. Nc3+ Kc4 65. d5 Kc5 66. a4
Kd6 67. Ne4+ Ke5 68. d6 Ke6 69. Kf4 Kf7 70. Ke5 1-0

[Event "26. Copenhagen Open  (Politiken Cup)"]
[Site "Taastrup"]
[Date "2004.07.30"]
[Round "8"]
[White "Olsen, Aage Dalstrup"]
[Black "Pedersen, Steen Guldager"]
[Result "1-0"]
[WhiteElo "2098"]
[BlackElo "1954"]
[PlyCount "67"]
[EventDate "2004.07.24"]
[EventType "swiss"]
[EventRounds "10"]
[EventCountry "DEN"]
[SourceDate "2004.01.01"]

1. e4 d5 2. exd5 Qxd5 3. Nc3 Qa5 4. d4 c6 5. Bc4 Nf6 6. Bd2 Bf5 7. Nf3 e6 8.
O-O Qc7 9. Re1 Be7 10. Qe2 Nd5 11. Bxd5 exd5 12. Bf4 Qd8 13. Qe5 Be6 14. Qxg7
Bf6 15. Qh6 Nd7 16. Ng5 Qe7 17. Nxe6 fxe6 18. Qh5+ Kd8 19. Ne2 Nf8 20. Ng3 Ng6
21. Bd2 Kd7 22. a3 Raf8 23. Bb4 Qf7 24. Bxf8 Bxd4 25. Bh6 Bxf2+ 26. Kh1 Bxe1
27. Rxe1 Re8 28. Rf1 Qe7 29. Qg4 Kc8 30. Nh5 Qc7 31. Nf6 Re7 32. Nxh7 Rf7 33.
Qxe6+ Qd7 34. Qxf7 1-0

[Event "26. Copenhagen Open  (Politiken Cup)"]
[Site "Taastrup"]
[Date "2004.07.30"]
[Round "8"]
[White "Overmark, Ole"]
[Black "Korolev, Nikolaj"]
[Result "0-1"]
[WhiteElo "1653"]
[BlackElo "2148"]
[PlyCount "88"]
[EventDate "2004.07.24"]
[EventType "swiss"]
[EventRounds "10"]
[EventCountry "DEN"]
[SourceDate "2004.01.01"]

1. Nf3 d5 2. d4 Nf6 3. c4 c6 4. Nc3 dxc4 5. a4 Bf5 6. e3 e6 7. Bxc4 Bb4 8. O-O
O-O 9. Qb3 Qe7 10. Bd2 Nbd7 11. a5 b5 12. Be2 a6 13. Ne5 Nxe5 14. dxe5 Nd7 15.
Rfc1 c5 16. f4 Rfd8 17. Qd1 Ra7 18. Qe1 Nb8 19. Nb1 Rxd2 20. Nxd2 Rd7 21. Rc3
Bxc3 22. bxc3 Bc2 23. Bf3 Qd8 24. Ne4 Bxe4 25. Bxe4 Kf8 26. Bf3 Rd3 27. Be4 Rd2
28. Bf3 Qd3 29. Rc1 c4 30. f5 exf5 31. Qh4 Qxe3+ 32. Kh1 h6 33. e6 fxe6 34. Re1
Qg5 35. Qxg5 hxg5 36. Rxe6 g4 37. Be2 Kf7 38. Re3 Nc6 39. Kg1 Nxa5 40. h3 gxh3
41. gxh3 Nb3 42. Bf3 Kf6 43. Bb7 Nc5 44. Bc6 Rd3 0-1

[Event "26. Copenhagen Open  (Politiken Cup)"]
[Site "Taastrup"]
[Date "2004.07.30"]
[Round "8"]
[White "Peschardt, Soren"]
[Black "Backelin, Rikard"]
[Result "0-1"]
[WhiteElo "2200"]
[BlackElo "2292"]
[PlyCount "62"]
[EventDate "2004.07.24"]
[EventType "swiss"]
[EventRounds "10"]
[EventCountry "DEN"]
[SourceDate "2004.01.01"]

1. d4 d5 2. Nf3 c5 3. c3 e6 4. Bf4 Nf6 5. e3 Be7 6. Bd3 O-O 7. Nbd2 b6 8. Qe2
Bb7 9. Bxb8 Rxb8 10. Ne5 Ne4 11. Rd1 f6 12. Nef3 c4 13. Bb1 b5 14. O-O Bd6 15.
Nxe4 dxe4 16. Nd2 f5 17. f4 g5 18. b3 Rc8 19. bxc4 bxc4 20. Rf2 Kh8 21. a4 gxf4
22. exf4 Qc7 23. Qe3 Rg8 24. Kh1 Bd5 25. Nf1 Rg4 26. g3 Rcg8 27. h4 Qg7 28. Kh2
Rxh4+ 29. gxh4 Qg1+ 30. Kh3 Qg4+ 31. Kh2 Qxh4+ 0-1

[Event "26. Copenhagen Open  (Politiken Cup)"]
[Site "Taastrup"]
[Date "2004.07.30"]
[Round "8"]
[White "Pozzo, Sebastian"]
[Black "Pedersen, Kaj Vinding"]
[Result "1-0"]
[WhiteElo "1650"]
[BlackElo "1496"]
[PlyCount "83"]
[EventDate "2004.07.24"]
[EventType "swiss"]
[EventRounds "10"]
[EventCountry "DEN"]
[SourceDate "2004.01.01"]

1. e4 Nf6 2. d3 d5 3. e5 Nfd7 4. f4 e6 5. Nf3 c5 6. Be3 Nc6 7. Qe2 Be7 8. c4 d4
9. Bf2 Qa5+ 10. Nfd2 Nb4 11. Na3 Qa4 12. Ne4 Qa5 13. Qd2 Nc6 14. Qxa5 Nxa5 15.
Nb5 O-O 16. g4 f6 17. Nc7 Rb8 18. Nxe6 Rf7 19. exf6 gxf6 20. Ke2 b6 21. f5 Bb7
22. Bg2 Bxe4 23. Bxe4 Bd6 24. Bd5 Re7 25. Kd2 Kh8 26. Bh4 Be5 27. Rae1 Rbe8 28.
g5 fxg5 29. Bxg5 Bf6 30. Bf4 Rc8 31. Bd6 Ree8 32. Nc7 Bg5+ 33. Kc2 Re3 34. Rxe3
Bxe3 35. a3 Nf6 36. Be5 Rxc7 37. Bxf6+ Rg7 38. b4 Bg5 39. Be5 Nxc4 40. Bxc4 Be3
41. Bd5 h6 42. f6 1-0

[Event "26. Copenhagen Open  (Politiken Cup)"]
[Site "Taastrup"]
[Date "2004.07.30"]
[Round "8"]
[White "Prakken, Gerrit"]
[Black "Adnoy, Hallvard V"]
[Result "1/2-1/2"]
[WhiteElo "2265"]
[BlackElo "2204"]
[PlyCount "149"]
[EventDate "2004.07.24"]
[EventType "swiss"]
[EventRounds "10"]
[EventCountry "DEN"]
[SourceDate "2004.01.01"]

1. d4 Nf6 2. Nf3 d6 3. c4 Nbd7 4. Nc3 c6 5. g3 e5 6. Bg2 Be7 7. O-O O-O 8. Qc2
Qc7 9. h3 b5 10. c5 Bb7 11. Rd1 Rfe8 12. e4 dxc5 13. dxe5 Nxe5 14. Nxe5 Qxe5
15. f4 Qc7 16. e5 Nd5 17. Nxd5 cxd5 18. Bxd5 Rad8 19. Bxb7 Rxd1+ 20. Qxd1 Qxb7
21. Qe2 Rd8 22. Be3 Qe4 23. Re1 Rd3 24. Qf2 Qd5 25. a3 a5 26. f5 Qxe5 27. Bf4
Qf6 28. Be5 Qc6 29. Bxg7 Kxg7 30. Rxe7 Rf3 31. Qg2 Qd5 32. f6+ Kxf6 33. Re2 Qf5
34. Kh2 c4 35. Qg1 h5 36. Qd4+ Kg6 37. a4 Qd3 38. Qe5 bxa4 39. h4 Qf5 40. Qd4
Qg4 41. Qd6+ Rf6 42. Qd2 Rf3 43. Qd6+ Kh7 44. Rd2 Rd3 45. Rxd3 Qe2+ 46. Kg1
cxd3 47. Qd5 Qe3+ 48. Kg2 Qe2+ 49. Kg1 Qe3+ 50. Kg2 Kg7 51. Qxh5 d2 52. Qg4+
Kf6 53. Qd1 Ke5 54. Kf1 Qxg3 55. Qe2+ Kf5 56. Qb5+ Qe5 57. Qd7+ Ke4 58. Ke2
Kf4+ 59. Kxd2 Qxb2+ 60. Kd1 Qb3+ 61. Kc1 Qc4+ 62. Kb2 f5 63. Qd2+ Ke4 64. Qg2+
Ke5 65. Qg7+ Kd6 66. Qf8+ Ke5 67. Qg7+ Ke4 68. Qg2+ Kd4 69. Qg7+ Kc5 70. Qf8+
Kb6 71. Qf6+ Kb7 72. Qxf5 Qxh4 73. Qb5+ Kc7 74. Qxa5+ Kd6 75. Qb6+ 1/2-1/2

[Event "26. Copenhagen Open  (Politiken Cup)"]
[Site "Taastrup"]
[Date "2004.07.30"]
[Round "8"]
[White "Preuss, Flemming"]
[Black "Harstad, Christian"]
[Result "0-1"]
[WhiteElo "2044"]
[BlackElo "2140"]
[PlyCount "58"]
[EventDate "2004.07.24"]
[EventType "swiss"]
[EventRounds "10"]
[EventCountry "DEN"]
[SourceDate "2004.01.01"]

1. e4 e5 2. Nf3 Nc6 3. d4 exd4 4. c3 d5 5. exd5 Qxd5 6. cxd4 Bg4 7. Be2 Bb4+ 8.
Nc3 Bxf3 9. Bxf3 Qc4 10. Qb3 Qxb3 11. axb3 Nxd4 12. Bxb7 Rb8 13. Rxa7 Nf6 14.
O-O O-O 15. Nd5 Bc5 16. Ra5 Bb6 17. Ra4 Rxb7 18. Nxf6+ gxf6 19. Bh6 Re8 20. Rd1
c5 21. Kf1 Rbe7 22. Ra6 Re6 23. b4 Nc2 24. g3 Nxb4 25. Ra3 f5 26. Bf4 c4 27.
Rf3 Nd3 28. Rd2 Kg7 29. b3 Ne1 0-1

[Event "26. Copenhagen Open  (Politiken Cup)"]
[Site "Taastrup"]
[Date "2004.07.30"]
[Round "8"]
[White "Radovic, Slobodan"]
[Black "Christensen, Aage Niels"]
[Result "1-0"]
[WhiteElo "1382"]
[BlackElo "1554"]
[PlyCount "115"]
[EventDate "2004.07.24"]
[EventType "swiss"]
[EventRounds "10"]
[EventCountry "DEN"]
[SourceDate "2004.01.01"]

1. d4 Nf6 2. Nf3 g6 3. Nc3 d5 4. Bf4 Bg7 5. e3 e6 6. Bd3 a6 7. Qd2 Nbd7 8. Ne2
c5 9. c3 b5 10. O-O O-O 11. Ng3 Bb7 12. Rfe1 Nb6 13. dxc5 Nc4 14. Bxc4 dxc4 15.
Qe2 Re8 16. Red1 Qc8 17. Bd6 Ne4 18. Nxe4 Bxe4 19. Ne1 Bf8 20. f3 Bxd6 21. cxd6
Bc6 22. e4 e5 23. Rd2 Bd7 24. Nc2 Be6 25. Rad1 Rd8 26. Qf2 Qb7 27. Nb4 Kg7 28.
Qe3 Rd7 29. h3 a5 30. Nc2 Qc6 31. f4 f6 32. Ne1 Rad8 33. Nf3 Rxd6 34. fxe5 Rxd2
35. exf6+ Kxf6 36. Rxd2 Rxd2 37. Qg5+ Kg7 38. Qe5+ Kg8 39. Nxd2 Qd7 40. Qg5 Qf7
41. h4 Qb7 42. a3 Qb6+ 43. Kf1 b4 44. axb4 axb4 45. cxb4 Qd4 46. h5 Bf7 47. h6
Kf8 48. Qc5+ Qxc5 49. bxc5 Ke7 50. Ke2 g5 51. Ke3 Kf6 52. Kd4 Kg6 53. Nxc4 Kxh6
54. Ne5 Be6 55. g4 Kg7 56. b4 Bxg4 57. Nxg4 h5 58. c6 1-0

[Event "26. Copenhagen Open  (Politiken Cup)"]
[Site "Taastrup"]
[Date "2004.07.30"]
[Round "8"]
[White "Richards, Heather"]
[Black "Ramme, Christoph"]
[Result "1/2-1/2"]
[WhiteElo "2219"]
[BlackElo "2089"]
[PlyCount "55"]
[EventDate "2004.07.24"]
[EventType "swiss"]
[EventRounds "10"]
[EventCountry "DEN"]
[SourceDate "2004.01.01"]

1. e4 c5 2. c3 d5 3. exd5 Qxd5 4. d4 cxd4 5. cxd4 Nc6 6. Nf3 e5 7. Nc3 Bb4 8.
Bd2 Bxc3 9. Bxc3 e4 10. Nd2 Nf6 11. Bc4 Qf5 12. Qe2 O-O 13. O-O-O a6 14. a3 b5
15. Bb3 a5 16. d5 Nxd5 17. Bxd5 Qxd5 18. Nxe4 Qf5 19. Rd6 Bb7 20. Re1 b4 21. g4
Qc8 22. Nf6+ gxf6 23. Qf3 bxc3 24. Qxf6 cxb2+ 25. Kxb2 Re8 26. Qg5+ Kh8 27.
Qf6+ Kg8 28. Qg5+ 1/2-1/2

[Event "26. Copenhagen Open  (Politiken Cup)"]
[Site "Taastrup"]
[Date "2004.07.30"]
[Round "8"]
[White "Roder, Peter"]
[Black "Buchkremer, Felix"]
[Result "1/2-1/2"]
[WhiteElo "2166"]
[BlackElo "2046"]
[PlyCount "23"]
[EventDate "2004.07.24"]
[EventType "swiss"]
[EventRounds "10"]
[EventCountry "DEN"]
[SourceDate "2004.01.01"]

1. d4 f5 2. c4 Nf6 3. g3 g6 4. Bg2 Bg7 5. Nc3 d6 6. d5 O-O 7. Nh3 Na6 8. Nf4 e5
9. dxe6 c6 10. O-O Nc5 11. Re1 Bxe6 12. Nxe6 1/2-1/2

[Event "26. Copenhagen Open  (Politiken Cup)"]
[Site "Taastrup"]
[Date "2004.07.30"]
[Round "8"]
[White "Rohrmueller, Ulrich"]
[Black "Svendsen, Mads Bilde"]
[Result "1/2-1/2"]
[WhiteElo "2260"]
[BlackElo "2151"]
[PlyCount "146"]
[EventDate "2004.07.24"]
[EventType "swiss"]
[EventRounds "10"]
[EventCountry "DEN"]
[SourceDate "2004.01.01"]

1. Nf3 g6 2. c4 Bg7 3. e4 d6 4. d4 Nd7 5. Nc3 e5 6. Be2 Ne7 7. O-O O-O 8. Rb1
exd4 9. Nxd4 Nc6 10. Be3 Re8 11. f4 Nf6 12. Bf3 Ng4 13. Bxg4 Bxg4 14. Qxg4 Nxd4
15. f5 Nxf5 16. exf5 Rxe3 17. Qf4 Re8 18. f6 Bf8 19. Rbd1 Re5 20. Kh1 Qe8 21.
Nd5 Rc8 22. Qd4 a6 23. b3 c6 24. Nc3 Rd8 25. Qh4 Qe6 26. Rd3 Re8 27. h3 Re3 28.
Qd4 Rxd3 29. Qxd3 Qe3 30. Rf3 Qc1+ 31. Rf1 Re1 32. Nd1 Rxf1+ 33. Qxf1 Bh6 34.
Qf3 Qf4 35. Qxf4 Bxf4 36. Nf2 Be5 37. Ne4 b6 38. g4 d5 39. cxd5 cxd5 40. Nf2
Bxf6 41. Kg2 Kf8 42. Nd3 Ke7 43. Kf3 Kd6 44. Kf4 h6 45. Kf3 Bg5 46. Kg3 Bd2 47.
Kf3 f5 48. gxf5 gxf5 49. Ke2 Bg5 50. Kf3 d4 51. Ne1 Kd5 52. Nd3 a5 53. Ne1 b5
54. Nd3 Bd2 55. Nf2 d3 56. Nxd3 Kd4 57. Ke2 Bg5 58. Ne1 Kc3 59. Nd3 b4 60. Nc5
Kb2 61. Nb7 Kxa2 62. Nxa5 Kb2 63. Kd3 Bf4 64. Kc4 Bd6 65. Nc6 f4 66. Nd4 Bf8
67. Kd3 Bg7 68. Ne6 Be5 69. Ke4 Bd6 70. Nd4 Bc5 71. Nc6 Kxb3 72. Nxb4 Bxb4 73.
Kxf4 Kc4 1/2-1/2

[Event "26. Copenhagen Open  (Politiken Cup)"]
[Site "Taastrup"]
[Date "2004.07.30"]
[Round "8"]
[White "Rossen, Claus"]
[Black "Auchenberg, Per"]
[Result "1/2-1/2"]
[WhiteElo "2168"]
[BlackElo "2082"]
[PlyCount "92"]
[EventDate "2004.07.24"]
[EventType "swiss"]
[EventRounds "10"]
[EventCountry "DEN"]
[SourceDate "2004.01.01"]

1. d4 Nf6 2. c4 e6 3. Nc3 Bb4 4. Qc2 Nc6 5. Nf3 d6 6. a3 Bxc3+ 7. Qxc3 a5 8.
Bg5 O-O 9. e3 Qe7 10. d5 Nb8 11. Bxf6 gxf6 12. g4 e5 13. Qc2 Kh8 14. h3 Rg8 15.
Bd3 Rg7 16. Nh4 c6 17. Bf5 Bd7 18. O-O-O c5 19. Bxd7 Qxd7 20. f4 Na6 21. fxe5
fxe5 22. Rdf1 Nc7 23. Qf5 Qa4 24. Qc2 Qd7 25. a4 Ra6 26. Rf5 Rb6 27. Rhf1 Rb4
28. b3 Ne8 29. Rh5 b5 30. axb5 a4 31. bxa4 Qa7 32. Kd2 Rxa4 33. Rb1 Qa5+ 34.
Ke2 Ra2 35. Rb2 Ra1 36. Qd2 Qa4 37. Rc2 Rh1 38. Kf3 Qa1 39. Nf5 Qf1+ 40. Qf2
Rxh3+ 41. Rxh3 Qxh3+ 42. Qg3 Qf1+ 43. Rf2 Qd1+ 44. Re2 Qf1+ 45. Qf2 Qh3+ 46.
Qg3 Qf1+ 1/2-1/2

[Event "26. Copenhagen Open  (Politiken Cup)"]
[Site "Taastrup"]
[Date "2004.07.30"]
[Round "8"]
[White "Royset, Paal"]
[Black "Bjornsson, Sigurbjorn"]
[Result "0-1"]
[WhiteElo "2232"]
[BlackElo "2315"]
[PlyCount "70"]
[EventDate "2004.07.24"]
[EventType "swiss"]
[EventRounds "10"]
[EventCountry "DEN"]
[SourceDate "2004.01.01"]

1. e4 e5 2. Nf3 Nc6 3. Nc3 Nf6 4. d4 exd4 5. Nd5 Be7 6. Nxd4 Nxd5 7. exd5 Nxd4
8. Qxd4 O-O 9. Be2 Bf6 10. Qc4 d6 11. O-O Bf5 12. a4 Re8 13. Bf3 a5 14. Ra3 Qd7
15. Rb3 b6 16. h3 h6 17. g4 Bg6 18. Bg2 Bh4 19. Bd2 Re7 20. Re3 Rxe3 21. Bxe3
Re8 22. Re1 Re7 23. Bd2 Rxe1+ 24. Bxe1 Qe7 25. Bd2 Qf6 26. Be3 Qxb2 27. Qxc7
Qxc2 28. Qxd6 Qxa4 29. Bxb6 Qa1+ 30. Kh2 a4 31. Bc5 a3 32. Bxa3 Bxf2 33. h4 h5
34. Qf4 Bg1+ 35. Kh3 Qxa3+ 0-1

[Event "26. Copenhagen Open  (Politiken Cup)"]
[Site "Taastrup"]
[Date "2004.07.30"]
[Round "8"]
[White "Rozentalis, Eduardas"]
[Black "Fedorov, Aleksander"]
[Result "1/2-1/2"]
[WhiteElo "2619"]
[BlackElo "2620"]
[PlyCount "25"]
[EventDate "2004.07.24"]
[EventType "swiss"]
[EventRounds "10"]
[EventCountry "DEN"]
[SourceDate "2004.01.01"]

1. e4 c5 2. Nf3 d6 3. Bb5+ Bd7 4. Bxd7+ Qxd7 5. O-O Nc6 6. c3 Nf6 7. Qe2 e6 8.
d4 cxd4 9. cxd4 d5 10. e5 Ne4 11. Be3 Be7 12. Ne1 f6 13. f3 1/2-1/2

[Event "26. Copenhagen Open  (Politiken Cup)"]
[Site "Taastrup"]
[Date "2004.07.30"]
[Round "8"]
[White "Sagafos, Magne"]
[Black "Gullaksen, Eirik T"]
[Result "1-0"]
[WhiteElo "2242"]
[BlackElo "2390"]
[PlyCount "67"]
[EventDate "2004.07.24"]
[EventType "swiss"]
[EventRounds "10"]
[EventCountry "DEN"]
[SourceDate "2004.01.01"]

1. e4 c5 2. Nf3 Nc6 3. d4 cxd4 4. Nxd4 Nf6 5. Nc3 e5 6. Ndb5 d6 7. Bg5 a6 8.
Na3 b5 9. Bxf6 gxf6 10. Nd5 Bg7 11. Bd3 Ne7 12. Nxe7 Qxe7 13. O-O O-O 14. Qh5
f5 15. c4 Rb8 16. exf5 e4 17. Rae1 Bb7 18. b3 Rfe8 19. Nc2 bxc4 20. Bxc4 Qf6
21. Ne3 Re5 22. Rd1 Ra5 23. b4 Re5 24. g4 h6 25. h4 d5 26. Bxd5 Bxd5 27. Nxd5
Qc6 28. Ne3 Rxb4 29. Rd8+ Re8 30. Rfd1 Rb7 31. g5 Rb5 32. R1d6 Qc1+ 33. Kg2 Rb8
34. R8d7 1-0

[Event "26. Copenhagen Open  (Politiken Cup)"]
[Site "Taastrup"]
[Date "2004.07.30"]
[Round "8"]
[White "Scherwin, Claes"]
[Black "Danielsen, Magnus"]
[Result "0-1"]
[WhiteElo "1444"]
[BlackElo "1928"]
[PlyCount "64"]
[EventDate "2004.07.24"]
[EventType "swiss"]
[EventRounds "10"]
[EventCountry "DEN"]
[SourceDate "2004.01.01"]

1. e4 e6 2. c4 d5 3. cxd5 exd5 4. e5 Ne7 5. d4 c5 6. dxc5 Ng6 7. f4 Bxc5 8. Nf3
Bb4+ 9. Bd2 Qa5 10. g3 O-O 11. Bg2 f6 12. Bxb4 Qxb4+ 13. Qd2 Qxd2+ 14. Nbxd2
fxe5 15. Nxe5 Nxe5 16. fxe5 Be6 17. O-O-O Nc6 18. Nf3 Rac8 19. Kb1 Bf5+ 20. Ka1
Be4 21. Nh4 Nxe5 22. Bxe4 dxe4 23. Rhe1 Rfd8 24. Nf5 Rxd1+ 25. Rxd1 Rc7 26. a3
Nd3 27. Rd2 Nc5 28. Rf2 g6 29. Ne3 Rf7 30. Rc2 Nd3 31. Ng4 Kg7 32. Re2 Rf1+ 0-1

[Event "26. Copenhagen Open  (Politiken Cup)"]
[Site "Taastrup"]
[Date "2004.07.30"]
[Round "8"]
[White "Schmied, Andreas"]
[Black "Rosenkilde, Alexander"]
[Result "1/2-1/2"]
[WhiteElo "2106"]
[BlackElo "1989"]
[PlyCount "68"]
[EventDate "2004.07.24"]
[EventType "swiss"]
[EventRounds "10"]
[EventCountry "DEN"]
[SourceDate "2004.01.01"]

1. d4 Nf6 2. c4 e6 3. Nc3 Bb4 4. e3 b6 5. Bd3 Bb7 6. f3 c5 7. Nge2 O-O 8. O-O
cxd4 9. exd4 d5 10. Bg5 dxc4 11. Bxc4 Qc7 12. Bd3 Nd5 13. Rc1 Nxc3 14. Nxc3 Qd7
15. Kh1 Nc6 16. d5 Ne5 17. Bb5 Qd6 18. dxe6 Qxe6 19. Qa4 Be7 20. Bxe7 Qxe7 21.
Rfe1 Qg5 22. Be2 Ng6 23. Ne4 Qf4 24. Nc3 Rfd8 25. Rcd1 Qxa4 26. Nxa4 Kf8 27.
Nc3 Rac8 28. Kg1 Ne5 29. Rxd8+ Rxd8 30. Rd1 Rxd1+ 31. Nxd1 Ke7 32. Nc3 Bc6 33.
f4 Nd7 34. Kf2 Nc5 1/2-1/2

[Event "26. Copenhagen Open  (Politiken Cup)"]
[Site "Taastrup"]
[Date "2004.07.30"]
[Round "8"]
[White "Schou Moldt, Thomas"]
[Black "Andersen, Rune Egede"]
[Result "1-0"]
[WhiteElo "2248"]
[BlackElo "2092"]
[PlyCount "65"]
[EventDate "2004.07.24"]
[EventType "swiss"]
[EventRounds "10"]
[EventCountry "DEN"]
[SourceDate "2004.01.01"]

1. e4 e6 2. d4 d5 3. exd5 exd5 4. Nf3 Nc6 5. c4 Bb4+ 6. Bd2 Qe7+ 7. Be2 Nf6 8.
O-O Be6 9. c5 Bxd2 10. Nbxd2 O-O 11. Bb5 Bg4 12. Bxc6 bxc6 13. Qa4 Ne4 14. Rfe1
Qf6 15. Nxe4 dxe4 16. Ne5 Qg5 17. Nxg4 Qxg4 18. Qxc6 f5 19. b4 Rad8 20. Rad1 h5
21. h3 Qg5 22. Qxc7 h4 23. Kh1 Rf7 24. Qh2 f4 25. Rxe4 f3 26. Rg4 Qd5 27. g3
hxg3 28. Qxg3 Re8 29. Rg5 Qxa2 30. Rg1 Ree7 31. d5 Qc4 32. Qb8+ Kh7 33. Rh5#
1-0

[Event "26. Copenhagen Open  (Politiken Cup)"]
[Site "Taastrup"]
[Date "2004.07.30"]
[Round "8"]
[White "Schonberg, Pauli"]
[Black "Jorgensen, Mikkel"]
[Result "0-1"]
[WhiteElo "1421"]
[BlackElo "1680"]
[PlyCount "48"]
[EventDate "2004.07.24"]
[EventType "swiss"]
[EventRounds "10"]
[EventCountry "DEN"]
[SourceDate "2004.01.01"]

1. e4 e6 2. Nf3 d5 3. e5 c5 4. c3 Nc6 5. Bb5 Bd7 6. Bxc6 Bxc6 7. d4 Qb6 8. O-O
Nh6 9. Bxh6 gxh6 10. Nbd2 Qxb2 11. Qb3 Qxb3 12. axb3 Be7 13. h4 cxd4 14. cxd4
Kd7 15. g3 a6 16. Rfc1 Rac8 17. Nb1 Bb5 18. Nc3 Bc6 19. Nh2 Rhg8 20. Kf1 Bb4
21. Kg2 Ke7 22. Kh3 Bd7 23. Ne2 Bb5 24. Nf4 Bc3 0-1

[Event "26. Copenhagen Open  (Politiken Cup)"]
[Site "Taastrup"]
[Date "2004.07.30"]
[Round "8"]
[White "Serrano, Jose Manuel Garcia"]
[Black "Jensen, Sren"]
[Result "1-0"]
[WhiteElo "1988"]
[BlackElo "1609"]
[PlyCount "41"]
[EventDate "2004.07.24"]
[EventType "swiss"]
[EventRounds "10"]
[EventCountry "DEN"]
[SourceDate "2004.01.01"]

1. e4 c6 2. Nc3 d5 3. Nf3 Bg4 4. h3 Bxf3 5. Qxf3 e6 6. e5 Nd7 7. d4 c5 8. Be3
Qb6 9. O-O-O Rc8 10. dxc5 Bxc5 11. Bb5 Rc7 12. Rxd5 Bxe3+ 13. fxe3 exd5 14.
Nxd5 Qc5 15. Nxc7+ Qxc7 16. Rd1 Qxe5 17. Bxd7+ Ke7 18. Qxb7 Qxe3+ 19. Kb1 Qb6
20. Qe4+ Kf8 21. Qe8# 1-0

[Event "26. Copenhagen Open  (Politiken Cup)"]
[Site "Taastrup"]
[Date "2004.07.30"]
[Round "8"]
[White "Sigurdsson, Thorgeir"]
[Black "Ringsborg, Allan"]
[Result "1/2-1/2"]
[WhiteElo "1200"]
[BlackElo "1747"]
[PlyCount "128"]
[EventDate "2004.07.24"]
[EventType "swiss"]
[EventRounds "10"]
[EventCountry "DEN"]
[SourceDate "2004.01.01"]

1. e4 e5 2. Nf3 Nf6 3. Nxe5 d6 4. Nf3 Nxe4 5. d4 d5 6. Bd3 Bf5 7. O-O Be7 8.
Re1 O-O 9. c4 Nd6 10. Bxf5 Nxf5 11. Re5 Nd6 12. c5 Nc4 13. Re1 Na5 14. Nc3 Nac6
15. Qb3 b6 16. Nxd5 Na6 17. Nxe7+ Nxe7 18. Bg5 Qd7 19. Rxe7 Qf5 20. Rae1 h6 21.
Bh4 bxc5 22. dxc5 Nxc5 23. Qb5 f6 24. Rxc7 Rfc8 25. Rxc8+ Rxc8 26. h3 Qc2 27.
Nd4 Qd2 28. Re8+ Rxe8 29. Qxe8+ Kh7 30. Bxf6 Qc1+ 31. Kh2 Qf4+ 32. Kg1 Qxf6 33.
Qe3 Qf7 34. Nb3 Ne6 35. a4 Nf8 36. Nd4 Ng6 37. Nc6 Qd5 38. Nxa7 Qd1+ 39. Kh2
Qxa4 40. g3 Qb4 41. Qc3 Qb6 42. Qe3 Qxb2 43. Qf3 Qe5 44. Nc6 Qd6 45. Qe4 Kg8
46. Qe8+ Kh7 47. Qe4 Kg8 48. h4 Nxh4 49. Qe8+ Kh7 50. Ne7 Nf3+ 51. Kg2 Ne1+ 52.
Kf1 Qe6 53. Qg8+ Qxg8 54. Nxg8 Nd3 55. Ne7 g5 56. Ke2 Ne5 57. f4 gxf4 58. gxf4
Nf7 59. Ke3 Kg7 60. Nd5 Nd6 61. Kd4 Nf5+ 62. Ke5 Nh4 63. Ne7 Nf3+ 64. Ke6 Ng5+
1/2-1/2